Countries With Two Or More T’s - Statistics

General Stats
  • This quiz has been taken 29 times
  • The average score is 9 of 12
Answer Stats
Country % Correct
Trinidad and Tobago
91%
Turkmenistan
91%
Tajikistan
86%
United States
86%
Saint Kitts and Nevis
77%
United Arab Emirates
77%
Saint Vincent and the Grenadines
73%
Vatican City
68%
Liechtenstein
64%
Democratic Republic of the Congo
59%
Federated States of Micronesia
45%
Timor-Leste
45%
No matching quizzes found
Score Distribution
Percent of People with Each Score
Percentile by Number Answered
Your Score History
You have not taken this quiz